Gaming Quiz

Random Gaming or Letter Quiz

Clue(do) First Letter Blitz Quiz Stats

 Plays Quiz Updated Jun 28, 2014

Support Sporcle.
Go Orange.
Score 0/12 Timer 01:00
1 Play Today
Hint Answer % Correct
KKitchen, Knife
86%
RRevolver, Rope
80.5%
P(Professor) Plum, (Mrs.) Peacock
78.5%
W(Mrs.) White, Wrench
76.6%
CCandlestick, Conservatory
76%
S(Miss) Scarlett, Spanner, Study
76%
LLead Pipe, Library, Lounge
75%
BBallroom, Billiard Room
72.7%
M(Colonel) Mustard
69.9%
HHall
68.9%
G(Reverend) Green
62.7%
DDagger, Dining Room
57.9%

You're not logged in!

Compare scores with friends on all Sporcle quizzes.
OR
Log In

From the Vault

Click a Movie, Initially - Movies With Subtitles II

by B_Awesome_87

If we had a sequel, would it be: 'Sporcle II: Mental Overstimulation'?
Remove Ads.
Support Sporcle.
Get the best of Sporcle when you Go Orange. This ad-free experience offers more features, more stats, and more fun while also helping to support Sporcle. Thank you for becoming a member.

Show Comments

Extras

Top Quizzes Today


Score Distribution

Your Account Isn't Verified!

In order to create a playlist on Sporcle, you need to verify the email address you used during registration. Go to your Sporcle Settings to finish the process.

Report this User

Report this user for behavior that violates our Community Guidelines.

Details: